Statistics for Cities With One Million People by Letter - T

Click here to take the quiz!

General Stats

  • This quiz has been taken 236 times
  • The average score is 16 of 29

Answer Stats

City % Correct
Tokyo
98%
Toronto
97%
Tehran
95%
Tunis
95%
Tampa
95%
Taipei
93%
Turin
91%
Tripoli
91%
Tel Aviv-Jaffa
91%
Tijuana
90%
Tegucigalpa
87%
Tashkent
84%
Tianjin
82%
Toulouse
81%
Tbilisi
78%
Tangier
59%
Toluca
33%
Taiyuan
33%
Tabriz
30%
Taichung
21%
Tainan
17%
The Ruhr
16%
Tangshan
14%
Taizhou
14%
Teresina
14%
TorreĆ³n
11%
Tiruppur
9%
Tiruchirappalli
9%
Tai'an
8%

Score Distribution

Percentile by Number Answered

Percent of People with Each Score

Your Score History

You have not taken this quiz